000 00347nam a2200133Ia 4500
008 240624s9999 xx 000 0 und d
041 _aeng
082 _a381 HAM
100 _aHAMILTON GARY G
245 _aMARKET MAKERS HOW RETAILERS ARE RESHAPIN
260 _c2012
_aNew Delhi
_bOxford
300 _axv, : 364 : p. : cm. ; 22
365 _cBPS
_b38
999 _c28320
_d28320